LEADER 01170nam 2200349Ia 450 001 996386900503316 005 20221108073206.0 035 $a(CKB)4940000000078195 035 $a(EEBO)2248584775 035 $a(OCoLC)12631478 035 $a(EXLCZ)994940000000078195 100 $a19851003d1642 uy | 101 0 $aeng 135 $aurbn||||a|bb| 200 14$aThe prologve and epilogve to a comedie$b[electronic resource] $epresented at the entertainment of the Prince, His Highnesse, by the schollars of Trinity Colledge in Cambridge in March last, 1641 /$fby Francis Cole 210 $aLondon $cPrinted for James Calvin$d1642 215 $a7 p. $cill 300 $aIn verse. 300 $aReproduction of original in Thomason Collection, British Library. 330 $aeebo-0158 606 $aRoundheads$vAnecdotes 607 $aGreat Britain$xReligion$y17th century 615 0$aRoundheads 700 $aCowley$b Abraham$f1618-1667.$0131531 801 0$bEAA 801 1$bEAA 801 2$bUMI 801 2$bWaOLN 906 $aBOOK 912 $a996386900503316 996 $aThe prologve and epilogve to a comedie$92399846 997 $aUNISA LEADER 03510nam 22005295 450 001 9910299632603321 005 20240321195559.0 010 $a9783319930763 010 $a3319930761 024 7 $a10.1007/978-3-319-93076-3 035 $a(CKB)4100000005248893 035 $a(DE-He213)978-3-319-93076-3 035 $a(MiAaPQ)EBC5455229 035 $a(Perlego)3492432 035 $a(EXLCZ)994100000005248893 100 $a20180712d2018 u| 0 101 0 $aeng 135 $aurnn|008mamaa 181 $ctxt$2rdacontent 182 $cc$2rdamedia 183 $acr$2rdacarrier 200 10$aCredit Default Swaps $eMechanics and Empirical Evidence on Benefits, Costs, and Inter-Market Relations /$fby Christopher L. Culp, Andria van der Merwe, Bettina J. Stärkle 205 $a1st ed. 2018. 210 1$aCham :$cSpringer International Publishing :$cImprint: Palgrave Macmillan,$d2018. 215 $a1 online resource (XXXVII, 331 p. 27 illus., 2 illus. in color.) 225 1 $aPalgrave Studies in Risk and Insurance,$x2523-823X 311 08$a9783319930756 311 08$a3319930753 327 $aPart I: The CDS Market and Product Mechanics -- Chapter 1: Overview of CDS Products and Market Activity -- Chapter 2: Single-Name CDSs -- Chapter 3: Loan-Only CDSs -- Chapter 4: Multi-Name and Index CDSs -- Chapter 5: Asset-Backed CDSs -- Chapter 6: CDS Execution and Clearing Mechanisms -- Part II: Potential Benefits and Costs of CDSs -- Chapter 7: Potential Benefits of CDSs -- Chapter 8: Potential Costs of CDSs -- Part III: Empirical Evidence on the Benefits, Costs, and Inter-Market Relations of CDSs -- Chapter 9: The Informational Content of CDS Spreads -- Chapter 10: Implications of CDS Listings for Reference Entities and Creditors -- Chapter 11: Inter-Market Basis Relations -- Chapter 12: Inter-Connectedness and Systemic Risk -- Appendix 1: Research Methodology -- Appendix 2: Additional Tables. 330 $aThis book, unique in its composition, reviews the academic empirical literature on how CDSs actually work in practice, including during distressed times of market crises. It also discusses the mechanics of single-name and index CDSs, the theoretical costs and benefits of CDSs, as well as comprehensively summarizes the empirical evidence on important aspects of these instruments of risk transfer. Full-time academics, researchers at financial institutions, and students will benefit from the dispassionate and comprehensive summary of the academic literature; they can read this book instead of identifying, collecting, and reading the hundreds of academic articles on the important subject of credit risk transfer using derivatives and benefit from the synthesis of the literature provided. 410 0$aPalgrave Studies in Risk and Insurance,$x2523-823X 606 $aFinancial risk management 606 $aFinancial services industry 606 $aRisk Management 606 $aFinancial Services 615 0$aFinancial risk management. 615 0$aFinancial services industry. 615 14$aRisk Management. 615 24$aFinancial Services. 676 $a332.45 700 $aCulp$b Christopher L$4aut$4http://id.loc.gov/vocabulary/relators/aut$0614206 702 $avan der Merwe$b Andria$4aut$4http://id.loc.gov/vocabulary/relators/aut 702 $aStärkle$b Bettina J$4aut$4http://id.loc.gov/vocabulary/relators/aut 906 $aBOOK 912 $a9910299632603321 996 $aCredit Default Swaps$92512583 997 $aUNINA